Strange and Creepy Facts II Quiz Stats

 Plays Quiz Updated Mar 19, 2019

Score 0/20 Timer 04:00
3 Plays Today
% Correct
black hole
93.8%
your birthday
93.3%
fire hydrant
88.6%
brain
88.6%
energy drink
87.5%
God
87%
lions
86.8%
mouth
86.8%
murderers
85.8%
cocaine
83.6%
% Correct
sheep
83.4%
shiver
83%
farts
81.5%
fleas
81.1%
psychopathic tendencies
80.3%
popes
74.2%
breast cancer
69.3%
coffee mugs
62.2%
feet
61.5%
slaves
61.5%

You're not logged in!

Compare scores with friends on all Sporcle quizzes.
OR
Log In

Sporcle TV

Today on Sporcle TV


Watch our educational content, quiz creation guides, and fun videos on Sporcle TV.

Show Comments

Extras

Top Quizzes Today


Score Distribution

Your Account Isn't Verified!

In order to create a playlist on Sporcle, you need to verify the email address you used during registration. Go to your Sporcle Settings to finish the process.

Report this User

Report this user for behavior that violates our Community Guidelines.

Details: